Countries starting with B - Statistics

General Stats
  • This quiz has been taken 24 times
  • The average score is 15 of 17
Answer Stats
B Country % Correct
B Belgium
96%
B Belize
96%
B Botswana
96%
B Bulgaria
96%
B Burundi
96%
B Benin
91%
B Brazil
91%
B Bahamas
87%
B Brunei
87%
B Bahrain
83%
B Barbados
83%
B Belarus
83%
B Bhutan
83%
B Bolivia
83%
B Bosnia and Herzegovina
83%
B Bangladesh
74%
B Burkina Faso
74%
No matching quizzes found
Score Distribution
Percent of People with Each Score
Percentile by Number Answered
Your Score History
You have not taken this quiz